| 000 | 00286 a2200097 4500 | ||
|---|---|---|---|
| 082 | _a624.18341 GAN | ||
| 100 | _aGangaRao,H.V. | ||
| 245 |
_aReinforced Concrete Design with FRP Composites / _cH.V.S.GangaRao |
||
| 260 |
_aLondon : _cCRC Press, _b2007. |
||
| 300 |
_a382p. : _bill . ; _c23cm |
||
| 650 | _areinforced concrete | ||
| 999 |
_c1373 _d1373 |
||